Modelos y metáforas

Serie de ensayos de Max Black publicados en diferentes revistas alrededor del mundo. Su núcleo se puede definir como el análisis lingüístico, del que derivan problematizaciones sobre la naturaleza de la lógica, la causalidad y la inducción. Entre los temas específicos se encuentran la relación lengu...

Szczegółowa specyfikacja

Zapisane w:
Opis bibliograficzny
1. autor: Black, Max
Format: Książka
Język:Undetermined
Wydane: Madrid, España Tecnos 1996
Hasła przedmiotowe:
Etykiety: Dodaj etykietę
Nie ma etykietki, Dołącz pierwszą etykiete!

MARC

LEADER 00000nam a2200000Ia 4500
008 170316s9999 xx 000 0 und d
040 |a cru BVZT 
090 |a 100 B-41m 
100 |a Black, Max  |9 1882 
245 |a Modelos y metáforas 
260 |a Madrid, España 
260 |b Tecnos 
260 |c 1996 
300 |a 257 páginas 
520 |a Serie de ensayos de Max Black publicados en diferentes revistas alrededor del mundo. Su núcleo se puede definir como el análisis lingüístico, del que derivan problematizaciones sobre la naturaleza de la lógica, la causalidad y la inducción. Entre los temas específicos se encuentran la relación lenguaje y realidad, la metáfora, la posibilidad, la “dirección” del tiempo, la relatividad lingüística 
650 |a FILOSOFÍA  |9 5 
999 |c 15726  |d 15726 
942 |c 15 D  |h 100 B-41m  |2 z